| 000 | 00361nam a2200157Ia 4500 | ||
|---|---|---|---|
| 005 | 20240626032027.0 | ||
| 008 | 240331s9999 xx 000 0 und d | ||
| 020 | _a | ||
| 082 |
_a028 _bMAR |
||
| 245 | 4 | _aThe Sinhala reading public | |
| 260 |
_aSri Lanka _bMarga Institute _c1974 |
||
| 300 | _a70 p ., | ||
| 650 | _aLanguage | ||
| 650 | _areading | ||
| 942 | _cL | ||
| 999 |
_c639 _d639 |
||